Living theater: an introduction to theater history (Record no. 82230)

MARC details
000 -LEADER
fixed length control field 01042nam a2200193 a 4500
008 - FIXED-LENGTH DATA ELEMENTS--GENERAL INFORMATION
fixed length control field 120416s1983 ||||||||||||||||| || u
020 ## - INTERNATIONAL STANDARD BOOK NUMBER
International Standard Book Number 0070707324
050 ## - LIBRARY OF CONGRESS CALL NUMBER
Classification number PN 2101 Wil
100 ## - MAIN ENTRY--PERSONAL NAME
Personal name Wilson, Edwin
245 10 - TITLE STATEMENT
Title Living theater: an introduction to theater history
260 ## - PUBLICATION, DISTRIBUTION, ETC.
Place of publication, distribution, etc. New York:
Name of publisher, distributor, etc. McGraw-Hill
Date of publication, distribution, etc. 1983
300 ## - PHYSICAL DESCRIPTION
Extent xii, 482p. : ill.
350 ## -
-- 0.00
650 ## - SUBJECT ADDED ENTRY--TOPICAL TERM
Topical term or geographic name entry element THEATER--HISTORY
995 ## -
-- ANNEX COLLECTION (Main Library)
-- 0.00
-- 710318
-- CBU-MAIN LIBRARY (Kitwe)
-- 3
-- 22.99
-- PN 2101 Wil
-- 1
-- AVAILABLE
-- 010817
-- Annex Low-Usage Collection
995 ## -
-- ANNEX COLLECTION (Main Library)
-- 0.00
-- 710316
-- CBU-MAIN LIBRARY (Kitwe)
-- 2
-- 22.99
-- PN 2101 Wil
-- 3
-- AVAILABLE
-- 010818
-- Annex Low-Usage Collection
995 ## -
-- ANNEX COLLECTION (Main Library)
-- 0.00
-- 710317
-- CBU-MAIN LIBRARY (Kitwe)
-- 4
-- 22.99
-- PN 2101 Wil
-- 4
-- AVAILABLE
-- 010820
-- Annex Low-Usage Collection
995 ## -
-- ANNEX COLLECTION (Main Library)
-- 0.00
-- 710319
-- CBU-MAIN LIBRARY (Kitwe)
-- 1
-- 22.99
-- PN 2101 Wil
-- 2
-- AVAILABLE
-- 010819
-- Annex Low-Usage Collection
999 ## -
-- 82230
-- 82230

No items available.